Normal view
MARC view
- McAninch, Jack W
Entry Personal Name
001 - CONTROL NUMBER
- control field: 114155
003 - CONTROL NUMBER IDENTIFIER
- control field: NUST
005 - DATE AND TIME OF LATEST TRANSACTION
- control field: 20230816150154.0
008 - FIXED-LENGTH DATA ELEMENTS
- fixed length control field: 230816|| aca||aabn | a|a d
040 ## - CATALOGING SOURCE
- Original cataloging agency: NUST
- Transcribing agency: NUST
100 ## - HEADING--PERSONAL NAME
- Personal name: McAninch, Jack W
670 ## - SOURCE DATA FOUND
- Source citation: Work cat.: (NUST): McAninch, Jack W., Smith and Tanogho's General Urology, 2020
